Historia de las artes aplicadas e industriales en España / (Record no. 80204)

MARC details
000 -LEADER
campo de control de longitud fija 00671nam a2200217 i 4500
001 - NÚMERO DE CONTROL
campo de control 80204
003 - IDENTIFICADOR DE NÚMERO DE CONTROL
campo de control ES-MaACL
005 - FECHA Y HORA DE LA ÚLTIMA TRANSACCIÓN
campo de control 20230906174148.0
007 - CAMPO FIJO DE DESCRIPCIÓN FÍSICA--INFORMACIÓN GENERAL
campo de control de longitud fija t|
008 - DATOS DE LONGITUD FIJA--INFORMACIÓN GENERAL
campo de control de longitud fija 041027s1982 sp ||||1| spa d
020 ## - NÚMERO INTERNACIONAL ESTÁNDAR DEL LIBRO
Número Internacional Estándar del Libro 84-376-0373-0
245 00 - MENCIÓN DEL TÍTULO
Título Historia de las artes aplicadas e industriales en España /
Mención de responsabilidad, etc. Antonio Bonet Correa (coordinador).
260 ## - PUBLICACIÓN, DISTRIBUCIÓN, ETC.
Lugar de publicación, distribución, etc. Madrid :
Nombre del editor, distribuidor, etc. Cátedra,
Fecha de publicación, distribución, etc. 1982.
300 ## - DESCRIPCIÓN FÍSICA
Extensión 658 p. :
Otras características físicas il. ;
Dimensiones 21 cm.
490 1# - MENCIÓN DE SERIE
Mención de serie Manuales arte Cátedra
504 ## - NOTA DE BIBLIOGRAFÍA, ETC.
Nota de bibliografía, etc. Bibliografía: p.639-658.
700 1# - ENTRADA AGREGADA--NOMBRE PERSONAL
Nombre de persona Bonet Correa, Antonio.
9 (RLIN) 30126
830 0# - PUNTO DE ACCESO ADICIONAL DE SERIE-TÍTULO UNIFORME
Título uniforme Manuales arte Cátedra
9 (RLIN) 179258
852 ## - LOCALIZACIÓN
Ubicación ES-MaACL
Número de control de estantería C-3276
Sublocalización o colección R.111267
Holdings
Estatus retirado Estado de pérdida Estado de daño No para préstamo Biblioteca de origen Biblioteca actual Ubicación en estantería Fecha de adquisición Fuente de adquisición Total de préstamos Signatura topográfica completa Código de barras Visto por última vez Precio de reemplazo Tipo de ítem Koha
        Biblioteca del Ateneo de Madrid Biblioteca del Ateneo de Madrid Sala Palomar 17/01/2008     C-3276 1083858 23/02/2023 23/02/2023 Libro impreso